| 000 | 00507nam a2200169 i 4500 | ||
|---|---|---|---|
| 001 | 79693 | ||
| 003 | ES-MaACL | ||
| 005 | 20230906174030.0 | ||
| 007 | t| | ||
| 008 | 041022s1970 sp ||||1| spa d | ||
| 100 | 1 |
_aHerrera Perellón, José. _963235 |
|
| 245 | 1 | 0 |
_aExacto / _c[José Herrera Perellón, Manuel Hervás Gracia]. |
| 260 |
_a[Madrid : _bGráficas Reunidas, _c1970] |
||
| 300 |
_a144 p. de lám. ; _c34 cm. |
||
| 700 | 1 |
_aHervás Gracia, Manuel. _963421 |
|
| 852 |
_aES-MaACL _jC-41237 _bR.74790 |
||
| 999 |
_c79693 _d79693 |
||